| 000 -LEADER |
| fixed length control field |
00543nam a2200181Ia 4500 |
| 008 - FIXED-LENGTH DATA ELEMENTS--GENERAL INFORMATION |
| fixed length control field |
190719s9999||||xx |||||||||||||| ||und|| |
| 020 ## - INTERNATIONAL STANDARD BOOK NUMBER |
| International Standard Book Number |
9780707741802 |
| Terms of availability |
£ 59.60 |
| 040 ## - CATALOGING SOURCE |
| Original cataloging agency |
IMU Kochi |
| 082 04 - DEWEY DECIMAL CLASSIFICATION NUMBER |
| Classification number |
623.890202 |
| Item number |
Un314 |
| 110 ## - MAIN ENTRY--CORPORATE NAME |
| Corporate name or jurisdiction name as entry element |
Great Britain. |
| Subordinate unit |
Hydrographic Office |
| 245 #4 - TITLE STATEMENT |
| Title |
The Mariner's handbook / |
| Statement of responsibility, etc. |
United Kingdom Hydrographic Office |
| 250 ## - EDITION STATEMENT |
| Edition statement |
11th ed. |
| 260 ## - PUBLICATION, DISTRIBUTION, ETC. |
| Place of publication, distribution, etc. |
: |
| Name of publisher, distributor, etc. |
United Kingdom Hydrographic Office , |
| Date of publication, distribution, etc. |
2016 |
| 300 ## - PHYSICAL DESCRIPTION |
| Dimensions |
; |
| 490 ## - SERIES STATEMENT |
| Series statement |
NP |
| Volume/sequential designation |
100 |
| 650 ## - SUBJECT ADDED ENTRY--TOPICAL TERM |
| Topical term or geographic name entry element |
Navigation |
| Form subdivision |
Handbooks, manuals, etc. |
| 942 ## - ADDED ENTRY ELEMENTS (KOHA) |
| Source of classification or shelving scheme |
|
| Koha item type |
Books |